MARC

LEADER 00000nam a2200000Ia 4500
001 8112
008 160829s9999 xx 000 0 cat d
020 |a 84-505-5524-8 
080 |a C-2-346 
100 |a Portella, Eduard  |9 25291 
245 |a Adolescència i planificació familiar / Eduard Portella, Antonia Castillo, Santi Esnaola 
260 |a Barcelona :  |b Diputació de Barcelona. Servei de Sanitat, DL 1987 
300 |a 47 p. ;  |c 24 cm 
490 |a Butlletí planificació familiar ; 4 
590 |a Bibliografia 
650 |a Control de la natalitat  |x Catalunya   |9 25292 
650 |a Adolescents  |9 28549 
700 |a Castillo, Antonia   |9 25294 
700 |a Esnaola, Santiago   |9 25295 
710 1 |a Barcelona (Catalunya : Província).  |b Servei de Sanitat  |9 54402 
901 |a Arxiu 
942 |n 1 
952 |0 0  |1 0  |4 0  |6 C2346  |7 1  |9 43538  |a Arxiu  |b Arxiu  |d 2016-12-01  |l 0  |o C-2-346  |p 8112  |r 2016-12-01 00:00:00  |w 2016-12-01  |y ARXIU 
999 |c 46084  |d 46084